000 00209nam a2200097Ia 4500
008 190216s9999||||xx |||||||||||||| ||und||
100 _aMadhavan Pillay
245 0 _aPranaya Bomb
260 _bNull
942 _cBK
999 _c24864
_d24864